Rappeurs par lettre - H - Statistiques

Statistiques générales
  • Ce quiz a été pris 198 fois
  • Le résultat moyen est 4 sur 12
Statistiques - réponses
Albums notable Réponse % Correct
En esprit Heuss L'enfoiré
88%
Zombie life, 1994 Hamza
83%
Chaise pliante Hatik
63%
Fenêtre sur rue, Tant qu'on est là Hugo TSR
53%
Dans les yeux, Ma ruche Hornet La Frappe
36%
Electron libre, L'or des rois Hayce Lemsi
33%
Prohibé, Woodstock Hooss
15%
Bates motel, La vie en stone Haristone
11%
Aquatrip, L'Odyssée d'Hippo Hippocampe Fou
11%
Dream, Obade H Magnum
7%
En Tchoutchou Houari
6%
Rocknroll, Gros gamin Hache-P
5%
Aucun quiz correspondant
Distribution des résultats
% des personnes avec chaque résultat
Percentile par nombre de réponses
Votre historique - résultats
Vous n’avez pas pris ce quiz